British Sports Stars By Surname - The Letter L (Photo Quiz) - Statistics

General Stats
  • This quiz has been taken 54 times
    31 since last reset
  • The average score is 9 of 20
Answer Stats
Picture Hint Answer % Correct
Born 1978 Football Frank Lampard
96%
Born 1960 Football Gary Lineker
92%
Born 2007 Darts Luke Littler
92%
Born 1965 Boxing Lennox Lewis
85%
Born 1972 Athletics Denise Lewis
81%
1940-2025 Football Denis Law
69%
Born 1945 Darts John Lowe
62%
Born 1954 Tennis John Lloyd
46%
Born 1958 Golf Sandy Lyle
46%
Born 1954 Cricket Alan Lamb
38%
Born 1968 Rugby Union Jason Leonard
38%
Born 1941 Swimming Anita Lonsbrough
27%
1902-1945 Athletics Eric Liddell
27%
1922-1986 Cricket Jim Laker
27%
Born 1969 Golf Paul Lawrie
27%
Born 1982 Athletics Mark Lewis-Francis
19%
Born 1997 Athletics Morgan Lake
19%
1934-2021 Boxing Brian London
15%
Born 1956 Athletics Sonia Lannaman
15%
Born 1958 Speedway Michael Lee
12%
No matching quizzes found
Score Distribution
Percent of People with Each Score
Percentile by Number Answered
Your Score History
You have not taken this quiz since the last reset